| 000 | 00512 a2200181 4500 | ||
|---|---|---|---|
| 000 | BKB | ||
| 001 | 135869 | ||
| 005 | 20200902152927.0 | ||
| 008 | |||
| 020 | _a9788131600399 | ||
| 082 |
_a307.14 _bL51C |
||
| 100 | 1 | _aLedwith, Margaret | |
| 245 | 1 |
_aCommunity development : a critical approach _cby Margaret Ledwith |
|
| 260 |
_aJaipur _bRawat publications _c2006 |
||
| 300 | _a196p. | ||
| 630 | _aSocial work | ||
| 690 | _aCommunity development; Social work | ||
| 999 |
_c9166 _d9166 |
||